000 00588nam a2200181Ia 4500
008 100920s9999 xx 000 0 und d
082 _b98512
_a570580 न 06
100 _aमयेकर भालचंद्र.
245 _aसाप समज गैरसमज.
260 _bमनोविकास प्रकाशनमुंबई 32.
_c2006
300 _a78
_bसाधी
365 _b60
520 _aशाऊ.
630 _aसाप समज गैरसमज.
650 _aशाऊ.
730 _aसाप समज गैरसमज.
942 _cBOOK
999 _c738950
_d738947